01718nam a2200493 i 450000100060000000300080000600500170001400600190003100700150005000800410006502000270010602000180013303500230015103500240017403500250019803500210022304000310024405000210027508000080029608200150030410000240031924500840034326400290042730000410045633600310049733700330052833800430056149000190060450000220062350400280064558801290067359001640080265000160096665000150098265000170099765000250101465000240103965000160106365500270107979700190110683000200112585600620114599900170120767106FlNmELB20241217142759.0m o d | cr cnu||||||||140910s2014 sp ob 001 0 spa d a9788490641736 (e-book) z9788490299845 a(MiAaPQ)EBC3222484 a(Au-PeEL)EBL3222484 a(CaPaEBR)ebr10903129 a(OCoLC)992018176 aFINmELBbspaerdacFINmELB 4aT325b.M733 2014 a6590 a602.752231 aMoliné, Marçal.10aMalicia para vender con marca :bla comunicación activa /cMarçal Moliné. 1aBarcelona :bUOC,c2014. a1 recurso en línea (373 páginas) atextobtxt2rdacontent/spa acomputadorabc2rdamedia/spa arecurso en líneabcr2rdacarrier/spa1 aComunicación aIncluye índice. aIncluye bibliografía. aDescripción basada en recurso en línea; Título de la página del título en PDF (e-libro, visto September 10, 2014). aRecurso electrónico. Santa Fe, Arg.: e-libro, 2015. Disponible vía World Wide Web. El acceso puede estar limitado para las bibliotecas afiliadas a e-libro. 0aTrademarks. 0aMarketing. 0aAdvertising. 0aBranding (Marketing) 4aMarcas comerciales. 4aPublicidad. 4aLibros electrónicos.2 ae-libro, Corp. 0aComunicación.40uhttps://elibro.net/ereader/politecnicointernacional/57662 c67106d67106